| 000 | 00871cam a22002775a 4500 | ||
|---|---|---|---|
| 001 | 013286665 | ||
| 003 | OSt | ||
| 005 | 20180506110045.0 | ||
| 008 | 050825s2005 ie fr 000 0 eng d | ||
| 020 | _a1842180878 | ||
| 020 | _a9781842180877 | ||
| 040 |
_aIeDuTC _beng _dEG-ScBUE |
||
| 043 | _ae-ie--- | ||
| 082 | 0 | 4 |
_222 _a338 _bIRI |
| 245 | 0 | 0 |
_aIrish cases in entrepreneurship / _cedited by Thomas M. Cooney. |
| 260 |
_aDublin : _bBlackhall Publishing, _cc.2005. |
||
| 300 |
_avi, 142 p. : _bill. ; _c24 cm. |
||
| 490 | 0 | _aEnterprise ireland | |
| 500 | _aOn cover: Enterprise Ireland. The book originates in a competition sponsored by Enterprise Ireland. | ||
| 650 | 7 |
_aEntrepreneurship _zIreland _vCase studies. _2BUEsh |
|
| 651 | _2BUEsh | ||
| 653 |
_bGGEN _cMay2018 |
||
| 700 | 1 |
_aCooney, Thomas M., _eeditor. |
|
| 710 | 2 | _aEnterprise Ireland. | |
| 942 | _2ddc | ||
| 999 |
_c26631 _d26603 |
||